[Event "TUR-chT 2nd League"]
[Site "Konya"]
[Date "2018.07.19"]
[Round "5.7"]
[White "Koc, Serkan"]
[Black "Sariisik, Cagdas"]
[Result "1/2-1/2"]
[WhiteElo "1658"]
[BlackElo "1468"]
[PlyCount "153"]
[EventDate "2018.07.16"]
[EventType "team-swiss"]
[EventRounds "9"]
[EventCountry "TUR"]
[SourceTitle "EXT 2019"]
[Source "ChessBase"]
[SourceDate "2018.10.10"]
[SourceVersion "1"]
[SourceVersionDate "2018.10.10"]
[SourceQuality "1"]
[WhiteTeam "Samsun Gercek"]
[BlackTeam "Yalova Altinkale"]
[WhiteTeamCountry "TUR"]
[BlackTeamCountry "TUR"]

1. e4 c6 2. d4 d5 3. e5 Bf5 4. Bd3 Bxd3 5. Qxd3 e6 6. Ne2 c5 7. Qb5+ Qd7 8. Nbc3 a6 9. Qb6 Qc6 10. Qxc6+ Nxc6 11. Be3 Nge7 12. g4 cxd4 13. Bxd4 Ng6 14. 0-0-0 Ngxe5 15. g5 Nxd4 16. Nxd4 Be7 17. f4 Ng6 18. Nce2 Nxf4 19. h4 Nxe2+ 20. Nxe2 0-0 21. Nf4 Rac8 22. Rhg1 Bc5 23. Rge1 Rc6 24. h5 Bd6 25. Nd3 Re8 26. Rh1 e5 27. g6 Re6 28. Rdg1 e4 29. gxf7+ Kxf7 30. Nf2 e3 31. Ng4 d4 32. h6 gxh6 33. Nxh6+ Ke8 34. Nf5 Re4 35. Rxh7 e2 36. Rh8+ Kd7 37. Re1 Bf4+ 38. Kb1 Bd2 39. Rh7+ Ke6 40. Rxe2 Kxf5 41. Rh5+ Kg6 42. Rxe4 Kxh5 43. Rxd4 Bg5 44. Rb4 b6 45. a3 Kg6 46. Ra4 b5 47. Rd4 Bf6 48. Re4 Kf5 49. Re2 Be5 50. Ka2 Ke6 51. Rd2 Rd6 52. Re2 Kd5 53. Kb3 a5 54. Rg2 Rh6 55. Rg8 Rh3+ 56. Ka2 Rh4 57. Rd8+ Kc6 58. Rc8+ Kb7 59. Re8 Bd6 60. Re6 Kc6 61. Rg6 Ra4 62. Kb3 Rc4 63. Rh6 Kd5 64. Rg6 Be5 65. Rg2 Ke4 66. Rd2 Ke3 67. Rd5 a4+ 68. Ka2 Ke4 69. Rxb5 Rxc2 70. Kb1 Rxb2+ 71. Rxb2 Bxb2 72. Kxb2 Kd3 73. Kb1 Kc3 74. Ka2 Kc2 75. Ka1 Kb3 76. Kb1 Kxa3 77. Ka1 1/2-1/2

[Event "TUR-chT 2nd League"]
[Site "Konya"]
[Date "2017.07.22"]
[Round "8.1"]
[White "Koc, Serkan"]
[Black "Yasin, Hur"]
[Result "0-1"]
[WhiteElo "1719"]
[BlackElo "2022"]
[PlyCount "26"]
[EventDate "2017.07.17"]
[EventType "team-swiss"]
[EventRounds "9"]
[EventCountry "TUR"]
[SourceTitle "CBM 179 Extra"]
[Source "ChessBase"]
[SourceDate "2017.08.23"]
[SourceVersion "1"]
[SourceVersionDate "2017.08.23"]
[SourceQuality "1"]
[WhiteTeam "Samsun Gercek"]
[BlackTeam "Berk Tugra Caliskan"]
[WhiteTeamCountry "TUR"]
[BlackTeamCountry "TUR"]

1. e4 c5 2. Nf3 g6 3. c3 d5 4. exd5 Qxd5 5. Na3 Bg7 6. Bc4 Qe4+ 7. Be2 a6 8. 0-0 b5 9. Re1 Qc6 10. d4 Bb7 11. dxc5 Nd7 12. b4 Bxc3 13. Nd4 Qxg2# 0-1

[Event "TUR Cup"]
[Site "Antalya"]
[Date "2017.02.03"]
[Round "10"]
[White "Nardemir, Ismail Berat"]
[Black "Koc, Serkan"]
[Result "0-1"]
[WhiteElo "1559"]
[BlackElo "1756"]
[PlyCount "36"]
[EventDate "2017.01.28"]
[EventType "swiss"]
[EventRounds "11"]
[EventCountry "TUR"]
[SourceTitle "CBM 176 Extra"]
[Source "ChessBase"]
[SourceDate "2017.03.02"]
[SourceVersion "1"]
[SourceVersionDate "2017.03.02"]
[SourceQuality "1"]

1. d4 d5 2. c4 e6 3. Nc3 Nf6 4. Bg5 Nbd7 5. e3 Be7 6. Bd3 dxc4 7. Bxc4 h6 8. Bh4 0-0 9. h3 c5 10. Nge2 Nb6 11. Bb3 c4 12. Bc2 a6 13. 0-0 Nbd5 14. a3 b5 15. e4 Nxe4 16. Bxe7 Nexc3 17. Nxc3 Qxe7 18. Nxd5 exd5 0-1

[Event "TUR Cup"]
[Site "Antalya"]
[Date "2017.02.02"]
[Round "9"]
[White "Koc, Serkan"]
[Black "Akcal, Hikmet"]
[Result "1-0"]
[WhiteElo "1756"]
[BlackElo "1517"]
[PlyCount "117"]
[EventDate "2017.01.28"]
[EventType "swiss"]
[EventRounds "11"]
[EventCountry "TUR"]
[SourceTitle "CBM 176 Extra"]
[Source "ChessBase"]
[SourceDate "2017.03.02"]
[SourceVersion "1"]
[SourceVersionDate "2017.03.02"]
[SourceQuality "1"]

1. e4 d6 2. d4 Nf6 3. Bd3 g6 4. f4 Bg7 5. Nf3 0-0 6. 0-0 c5 7. e5 Nfd7 8. c3 cxd4 9. cxd4 Qb6 10. Nc3 e6 11. Kh1 Nc6 12. Nb5 d5 13. a3 Ne7 14. a4 a5 15. Ra3 Nb8 16. Rb3 Nbc6 17. Bd2 Qd8 18. Nd6 b6 19. Qc2 Ba6 20. Rc1 Bxd3 21. Qxd3 Rb8 22. Qb5 Na7 23. Qa6 Nac8 24. Nb7 Qd7 25. Nc5 Qc6 26. Ne4 Qxa4 27. Ra3 Qd7 28. Nf6+ Bxf6 29. exf6 Nc6 30. Ne5 Nxe5 31. fxe5 Na7 32. Qd3 Rfc8 33. Re1 Qe8 34. Bh6 Qb5 35. Qe3 Qxb2 36. Rb3 Qc2 37. Bg7 Qe4 38. Qf2 Qf5 39. Rf3 Qg5 40. Rg3 Qf5 41. Qe3 Qe4 42. Qg1 Qf5 43. Rf1 Qe4 44. Re1 Qf4 45. Rf3 Qg5 46. h4 Qxh4+ 47. Rh3 Qg4 48. Qe3 g5 49. Rg3 Qh5+ 50. Kg1 g4 51. Qe2 Qg6 52. Rxg4 Rc2 53. Qf3 Qf5 54. Qg3 h5 55. Rg5 Rc3 56. Bh6+ Kh7 57. Qxc3 Nb5 58. Qg3 Qc2 59. Rxh5 1-0

[Event "TUR Cup 1516"]
[Site "Manavgat"]
[Date "2016.02.06"]
[Round "11"]
[White "Degirmenci, Yagiz"]
[Black "Koc, Serkan"]
[Result "1-0"]
[WhiteElo "1809"]
[BlackElo "1755"]
[PlyCount "58"]
[EventDate "2016.01.30"]
[EventType "swiss"]
[EventRounds "11"]
[EventCountry "TUR"]
[SourceTitle "EXT 2018"]
[Source "ChessBase"]
[SourceDate "2017.10.13"]
[SourceVersion "1"]
[SourceVersionDate "2017.10.13"]
[SourceQuality "1"]

1. a3 c5 2. c4 Nc6 3. Nc3 g6 4. e3 Bg7 5. Qc2 Nf6 6. Rb1 d5 7. cxd5 Nxd5 8. Nf3 Nc7 9. b3 0-0 10. Be2 e5 11. d3 Be6 12. 0-0 f5 13. b4 cxb4 14. axb4 Nd5 15. Nxd5 Qxd5 16. Ng5 Rac8 17. Nxe6 Qxe6 18. Qa4 a6 19. b5 Nb8 20. Bf3 Rc7 21. Ba3 Rd8 22. bxa6 bxa6 23. Rb3 Rdc8 24. Bb7 Rd8 25. Rfb1 Bf8 26. Bf3 Nd7 27. Qa5 Nc5 28. Qxc7 Rd7 29. Qb8 e4 1-0

[Event "Manavgat Turkey Cup"]
[Site "Manavgat"]
[Date "2016.02.04"]
[Round "8"]
[White "Koc, Serkan"]
[Black "Demirtas, Hafize"]
[Result "1/2-1/2"]
[WhiteElo "1755"]
[BlackElo "1434"]
[PlyCount "103"]
[EventDate "2016.01.30"]
[EventType "swiss"]
[EventRounds "11"]
[EventCountry "TUR"]
[SourceTitle "CBM 170 Extra"]
[Source "ChessBase"]
[SourceDate "2016.02.25"]
[SourceVersion "1"]
[SourceVersionDate "2016.02.25"]
[SourceQuality "1"]

1. e4 c6 2. d4 d5 3. Nd2 dxe4 4. Nxe4 Bf5 5. Nc5 e5 6. Nb3 Nd7 7. Ne2 Ngf6 8. Ng3 Bg6 9. c3 Bd6 10. dxe5 Bxe5 11. f4 Bc7 12. Qf3 0-0 13. Be3 Re8 14. 0-0-0 Nd5 15. Rxd5 cxd5 16. f5 Qf6 17. Bd2 Bxg3 18. fxg6 Qxf3 19. gxh7+ Kxh7 20. gxf3 Bf2 21. Bb5 Re7 22. Rf1 Bb6 23. Bg5 f6 24. Bf4 Ne5 25. Bxe5 fxe5 26. Bd3+ e4 27. fxe4 dxe4 28. Re1 Rae8 29. Bb5 Rf8 30. Nd2 e3 31. Nf1 Re5 32. Bd3+ Kh6 33. Ng3 g6 34. Be2 Rf2 35. h3 Kg5 36. Bg4 Rg2 37. Nf1 Rxg4 38. hxg4 Kxg4 39. Kd1 Kf4 40. Nh2 Kg3 41. Re2 g5 42. Nf1+ Kf4 43. Ke1 g4 44. Rg2 Kf3 45. Rg1 Kf4 46. Ke2 a5 47. Rg2 Re4 48. Rh2 Bd8 49. Rh8 Be7 50. Rg8 Bh4 51. Nh2 Bg5 52. Rf8+ 1/2-1/2

[Event "Manavgat Turkey Cup"]
[Site "Manavgat"]
[Date "2016.02.01"]
[Round "4"]
[White "Koc, Serkan"]
[Black "Isikli, Murat Sedat"]
[Result "0-1"]
[WhiteElo "1755"]
[BlackElo "1505"]
[PlyCount "70"]
[EventDate "2016.01.30"]
[EventType "swiss"]
[EventRounds "11"]
[EventCountry "TUR"]
[SourceTitle "CBM 170 Extra"]
[Source "ChessBase"]
[SourceDate "2016.02.25"]
[SourceVersion "1"]
[SourceVersionDate "2016.02.25"]
[SourceQuality "1"]

1. e4 c6 2. d4 d5 3. e5 Bf5 4. Bd3 Bxd3 5. Qxd3 Nd7 6. Ne2 e6 7. a4 c5 8. f4 cxd4 9. Nxd4 Bc5 10. c3 a6 11. Be3 Ne7 12. 0-0 0-0 13. Nd2 Rc8 14. N2f3 Bxd4 15. Bxd4 Nf5 16. g4 Nxd4 17. Ng5 Ne2+ 18. Kh1 Ng3+ 19. hxg3 g6 20. Rf2 Kg7 21. Rh2 h6 22. Kg2 hxg5 23. Rah1 Rg8 24. Rh7+ Kf8 25. Rf1 Ke7 26. Qf3 Rf8 27. fxg5 Nxe5 28. Qf4 Qd6 29. Qf6+ Kd7 30. Re1 Nxg4 31. Rxf7+ Rxf7 32. Qxf7+ Qe7 33. Qxg6 Rf8 34. Re2 Qf7 35. Qd3 Qf1# 0-1

[Event "TUR-chT2"]
[Site "Konya"]
[Date "2014.06.25"]
[Round "4.10"]
[White "Koc, Serkan"]
[Black "Rzayev, Askar Aliakbar"]
[Result "1-0"]
[WhiteElo "1797"]
[BlackElo "2148"]
[PlyCount "143"]
[EventDate "2014.06.23"]
[EventType "team-swiss"]
[EventRounds "9"]
[EventCountry "TUR"]
[SourceTitle "CBM 161 Extra"]
[Source "ChessBase"]
[SourceDate "2014.08.29"]
[SourceVersion "1"]
[SourceVersionDate "2014.08.29"]
[SourceQuality "1"]
[WhiteTeam "Gercek"]
[BlackTeam "Salihli Sardes"]
[WhiteTeamCountry "TUR"]
[BlackTeamCountry "TUR"]

1. e4 c5 2. Nc3 a6 3. a4 e6 4. Bc4 Nc6 5. Nf3 Qc7 6. 0-0 Nf6 7. Re1 d6 8. Qe2 Ne5 9. Nxe5 dxe5 10. d3 b6 11. Bg5 Be7 12. Bh4 h6 13. Bg3 Bb7 14. Red1 Rd8 15. Qe3 Nh5 16. Ne2 g5 17. f3 Nf4 18. Bf2 Bf6 19. Be1 Rg8 20. g3 g4 21. fxg4 Rxg4 22. Kf1 Nxe2 23. Qxe2 Rg6 24. Qh5 Ke7 25. b4 Rg5 26. Qe2 cxb4 27. Bxb4+ Ke8 28. Bd2 Rg6 29. Be3 Be7 30. Rdb1 Bc5 31. Rb3 Rf6+ 32. Kg2 Rd6 33. Rab1 Kf8 34. Rf1 Rxf1 35. Bxh6+ Ke8 36. Kxf1 Qe7 37. Qf3 Kd7 38. Be3 Bxe3 39. Qxe3 Kc7 40. a5 Qf6+ 41. Ke2 b5 42. Qa7 Rc6 43. Rb4 Qh6 44. Qf2 Qh5+ 45. Kd2 Qh6+ 46. Kd1 Qh5+ 47. Kc1 f5 48. Bb3 Qh6+ 49. Kb2 Qf8 50. c3 f4 51. d4 exd4 52. Rxd4 e5 53. Rd5 b4 54. Rxe5 bxc3+ 55. Kc2 Qa3 56. Qxf4 Qb2+ 57. Kd3 Rd6+ 58. Bd5 Qb1+ 59. Kxc3 Qe1+ 60. Kd3 Qd1+ 61. Ke3 Qe1+ 62. Kf3 Qf1+ 63. Kg4 Bc8+ 64. Kg5 Qh3 65. Re7+ Bd7 66. Be6 Qxe6 67. Rxe6 Bxe6 68. Kf6 Kd7 69. e5 Rc6 70. Qa4 Bb3+ 71. e6+ Bxe6 72. Qxc6+ 1-0

[Event "Kemer Turkey Cup"]
[Site "Kemer"]
[Date "2014.02.04"]
[Round "5"]
[White "Koc, Serkan"]
[Black "Cetkin, Ismail Can"]
[Result "1/2-1/2"]
[WhiteElo "1813"]
[BlackElo "1643"]
[PlyCount "127"]
[EventDate "2014.02.01"]
[EventType "swiss"]
[EventRounds "9"]
[EventCountry "TUR"]
[SourceTitle "CBM 158 Extra"]
[Source "ChessBase"]
[SourceDate "2014.02.28"]
[SourceVersion "1"]
[SourceVersionDate "2014.02.28"]
[SourceQuality "1"]

1. e4 c5 2. Nf3 d6 3. d4 cxd4 4. Qxd4 Nc6 5. Bb5 Bd7 6. Bxc6 Bxc6 7. Nc3 Nf6 8. Bg5 e5 9. Qd2 Be7 10. Bxf6 Bxf6 11. Nd5 Be7 12. 0-0-0 Bxd5 13. Qxd5 Qc7 14. Rd3 0-0 15. Rc3 Qb6 16. Rf1 Rac8 17. Rb3 Qa6 18. Rd3 Rc5 19. Qb3 Rfc8 20. Ne1 d5 21. f3 Rb5 22. Qxb5 Qxb5 23. exd5 Bg5+ 24. Kb1 Rd8 25. b3 Rxd5 26. c4 Rxd3 27. cxb5 Rd1+ 28. Kc2 Rd2+ 29. Kb1 Kf8 30. a4 Ke7 31. h3 Rd1+ 32. Kc2 Rc1+ 33. Kd3 Bh4 34. Ke2 Rxe1+ 35. Rxe1 Bxe1 36. Kxe1 Kd6 37. Kd2 Kd5 38. Kd3 h5 39. g4 hxg4 40. hxg4 g6 41. g5 e4+ 42. fxe4+ Ke5 43. Ke3 f6 44. gxf6 Kxf6 45. Kf4 b6 46. b4 g5+ 47. Ke3 Ke5 48. a5 g4 49. axb6 axb6 50. Kd3 g3 51. Ke3 g2 52. Kf2 Kxe4 53. Kxg2 Kd3 54. Kf2 Kc3 55. Ke2 Kxb4 56. Kd2 Kxb5 57. Kc1 Kb4 58. Kb2 Kc4 59. Kc2 b5 60. Kb2 b4 61. Kc2 b3+ 62. Kb2 Kb4 63. Kb1 b2 64. Kxb2 1/2-1/2